Marcel Proust
Saved in:
| Hovedforfatter: | |
|---|---|
| Format: | Bog |
| Sprog: | spansk |
| Udgivet: |
Barcelona
Lumen
1967
|
| Udgivelse: | 1a. ed |
| Serier: | Literatura, 354
|
| Fag: | |
| Tags: |
Tilføj Tag
Ingen Tags, Vær først til at tagge denne postø!
|
MARC
| LEADER | 00000cam a2200000 a 4500 | ||
|---|---|---|---|
| 001 | UCE1392 | ||
| 003 | CL-VaPUC | ||
| 005 | 20240514135941.0 | ||
| 008 | 140414e19670000sp |||||||||||||||||spa|d | ||
| 999 | |c 355180 |d 355178 | ||
| 040 | |c Pontificia Universidad Católica de Valparaíso | ||
| 082 | 0 | 4 | |a 843.09 |b PAI |2 21 |
| 100 | 0 | |a Painter, George D |e author |9 573688 | |
| 245 | 1 | 0 | |a Marcel Proust |
| 250 | |a 1a. ed | ||
| 260 | |a Barcelona |b Lumen |c 1967 | ||
| 300 | |a 511 p | ||
| 490 | 0 | |a Literatura, 354 | |
| 500 | |a v.1: Biografía: 1871-1903 | ||
| 500 | |a v.2: Biografía: 1904-1922 | ||
| 583 | |a last modification |c 20170403 02:47:03 |k Rodrigo Vera | ||
| 600 | |a Proust, Marcel |d 1871-1922 |x Biografías |9 879976 | ||
| 650 | 0 | |a Novela francesa |9 264985 | |
| 650 | 0 | |a Literatura francesa |9 266330 | |
| 650 | 0 | |a Crítica e interpretación |9 255042 | |
| 942 | |c BK |2 ddc | ||
| 945 | |d 20140414 |a dcastane | ||
| 952 | |0 0 |1 0 |3 erb |4 0 |6 843_090000000000000_PAI_1967 |7 0 |8 A |9 461727 |a BIBART |b BIBART |h v.1 |i 5043360 |o 843.09 PAI 1967 |p 5043360 |r 2025-03-13 |w 2019-11-23 |y BK |z Catalogado en:20140414 |k ART | ||
| 952 | |0 0 |1 0 |3 erb |4 0 |6 843_090000000000000_PAI_1967 |7 0 |8 A |9 461728 |a BIBART |b BIBART |h v.1 |i 5322952 |o 843.09 PAI 1967 |p 5322952 |r 2025-03-13 |w 2019-11-23 |y BK |z Catalogado en:20170331 |k ART | ||
| 952 | |0 0 |1 0 |3 erb |4 0 |6 843_090000000000000_PAI_1967 |7 0 |8 A |9 461729 |a BIBART |b BIBART |h v.2 |i 5322979 |o 843.09 PAI 1967 |p 5322979 |r 2025-03-13 |w 2019-11-23 |y BK |k ART | ||